Une lettre suffit pour répondre juste #90 (attention 10 lettres tuent) - Statistiques

Statistiques générales
  • Ce quiz a été pris 83 fois
  • Le résultat moyen est 2 sur 6
Statistiques - réponses
Hint Réponse % Correct
Donne une des 5 lettres qui complète le nom du jeu d'arcade, tout premier jeu de casse-briques, dérivé de Pong commercialisé par Atari Inc. en 1976 : _ _ _ _ _ OUT
BREAK
100%
Donne une des 4 lettres du nom de la préfecture d'Occitanie en photo qui est moins peuplée que Auch et Albi : _ _ _ _
FOIX
56%
Donne une des 3 lettres qui désigne le moyen de transport de personnes, mis à disposition uniquement sur réservation, avec un conducteur professionnel obligatoirement VTC
44%
Donne une des 2 premières lettres du nom de scène de la chanteuse Annie Chancel
SH (Sheila)
20%
Donne la lettre qui complète le nom d'une marque française de crème de menthe appartenant à Bacardí-Martini : _et 27 G (Get 27)
13%
Donne la lettre qui complète le titre de ce film en extrait datant de 2010 : Piranha 3_
D
10%
Aucun quiz correspondant
Distribution des résultats
% des personnes avec chaque résultat
Percentile par nombre de réponses
Votre historique - résultats
Vous n’avez pas pris ce quiz